Thành phần hóa học cây đại táo (Zizyphus sativa Gaertn). Phần II - Triterpenoit axit = Chemical constituents of Zizyphus sativa Gaertn fruits. Part II - Triterpenoid acids /
সংরক্ষণ করুন:
| প্রধান লেখক: | |
|---|---|
| অন্যান্য লেখক: | , |
| বিন্যাস: | প্রবন্ধ |
| ভাষা: | Vietnamese |
| ট্যাগগুলো: |
ট্যাগ যুক্ত করুন
কোনো ট্যাগ নেই, প্রথমজন হিসাবে ট্যাগ করুন!
|
| Thư viện lưu trữ: | Thư viện Trường Đại học Đà Lạt |
|---|
| LEADER | 00882nam a2200253 4500 | ||
|---|---|---|---|
| 001 | DLU140165774 | ||
| 005 | ##20141127 | ||
| 040 | # | # | |a DLU |b vie |
| 041 | # | # | |a vie |
| 044 | # | # | |a vn |
| 100 | # | # | |a Nguyễn Thị Hoàng Anh. |
| 245 | # | # | |a Thành phần hóa học cây đại táo (Zizyphus sativa Gaertn). Phần II - Triterpenoit axit = |b Chemical constituents of Zizyphus sativa Gaertn fruits. Part II - Triterpenoid acids / |c Nguyễn Thị Hoàng Anh, Trần Văn Sung, L. Wessjohann. |
| 700 | # | # | |a Trần Văn Sung. |
| 700 | # | # | |a Wessjohann, L. |
| 773 | # | # | |t Hóa học |g Số 1, 2007, tr. 110-113 |
| 920 | # | # | |a Phòng Tạp chí -- Trung tâm Thông tin - Thư viện Trường Đại học Đà Lạt |
| 994 | # | # | |a DLU |
| 900 | # | # | |a True |
| 911 | # | # | |a Hoàng Thị Huyền |
| 925 | # | # | |a G |
| 926 | # | # | |a A |
| 927 | # | # | |a BB |
| 980 | # | # | |a Thư viện Trường Đại học Đà Lạt |